000 00373nam a2200157Ia 4500
003 Ost
005 20260225132547.0
008 260225s9999||||xx |||||||||||||| ||und||
040 _cfsic
041 _afre
082 _a440
100 _aLeila Sebbar
_eAuteur
245 0 _aShérazade :
245 0 _b17 ans,brune,frisée les yeux verts /
_cLeila Sebbar
942 _cكتاب
999 _c33899
_d33899